=LDR 00000nam 2200000 4500 =001 INLIS000000000009251 =005 20200310093302 =035 ##$$a 0010-061300000009251 =008 200310###########################0#ind## =041 ##$$a Ind =082 ##$$a 234.2 =090 ##$$a 234.2, Abi-p =100 ##$$a Abinero, J. L. ch =245 1#$$a pokok-pokok penting dari Iman kristen, /$c Dr. J.L.ch. Abineru =260 ##$$a Jakarta :$b Gunung Mulia,$c 1993 =650 #4$$a Iman (Kristen) =850 ##$$a Iman-kristen =020 ##$$a 979-415-448-2 =084 ##$$a 234.2 ABI p =300 ##$$a xii, 254 hlm. ; $c 15 x 21 cm =990 ##$$a DW00022936 =990 ##$$a DW00022937 =990 ##$$a DW00022938 =990 ##$$a 61.546/Pro.93 =990 ##$$a DW00022936 =990 ##$$a DW00022937 =990 ##$$a DW00022937 =990 ##$$a DW00022936 =990 ##$$a 61.546/Pro.93 =990 ##$$a DW00022936 =990 ##$$a DW00022937 =990 ##$$a 61.546/Pro.93